[Event "GRE-ch U18"]
[Site "Peristeri"]
[Date "2010.01.07"]
[Round "7"]
[White "Linos, Efstathios"]
[Black "Pavlidis, Antonios"]
[Result "1/2-1/2"]
[WhiteElo "1740"]
[BlackElo "2386"]
[PlyCount "65"]
[EventDate "2010.01.03"]
[EventType "swiss"]
[EventRounds "9"]
[EventCountry "GRE"]
[SourceTitle "CBM 134 Extra"]
[Source "ChessBase"]
[SourceDate "2010.03.03"]
[SourceVersion "1"]
[SourceVersionDate "2010.03.03"]
[SourceQuality "1"]

1. Nf3 Nf6 2. g3 g6 3. Bg2 Bg7 4. 0-0 0-0 5. d4 d6 6. Re1 Nbd7 7. e4 e5 8. Nc3 c6 9. a4 a5 10. h3 Re8 11. Be3 Qc7 12. Qd2 exd4 13. Nxd4 Nc5 14. Bh6 Bh8 15. Rad1 Bd7 16. Kh2 Rad8 17. b3 Qb6 18. f3 Bc8 19. Qf2 Qb4 20. Nb1 Bg7 21. Bd2 Qb6 22. Na3 Qc7 23. Bf1 Nfxe4 24. fxe4 Nxe4 25. Qg1 d5 26. Bf4 Qe7 27. Nb1 g5 28. Be3 Be5 29. Ne2 Rd6 30. Nd2 Rh6 31. Nxe4 dxe4 32. Bd4 Bg4 33. Qe3 1/2-1/2

[Event "Nikaia op 17th"]
[Site "Nikaia"]
[Date "2009.08.27"]
[Round "7"]
[White "Galanos, Dimitrios"]
[Black "Linos, Efstathios"]
[Result "1-0"]
[WhiteElo "2168"]
[BlackElo "1680"]
[PlyCount "81"]
[EventDate "2009.08.22"]
[EventType "swiss"]
[EventRounds "9"]
[EventCountry "GRE"]
[SourceTitle "CBM 132 Extra"]
[Source "ChessBase"]
[SourceDate "2009.11.03"]
[SourceVersion "1"]
[SourceVersionDate "2009.11.03"]
[SourceQuality "1"]

1. e4 c5 2. Nf3 Nc6 3. d4 cxd4 4. Nxd4 Nf6 5. Nc3 e5 6. Ndb5 d6 7. Bg5 a6 8. Na3 b5 9. Nd5 Be7 10. Bxf6 Bxf6 11. c3 Bg5 12. Nc2 0-0 13. a4 bxa4 14. Rxa4 a5 15. Bc4 Rb8 16. Qa1 Kh8 17. b4 axb4 18. cxb4 f5 19. b5 Ne7 20. Nxe7 Qxe7 21. Nb4 Bb7 22. Nc6 Bxc6 23. bxc6 fxe4 24. Ra7 Qf6 25. 0-0 Rbc8 26. Qa6 e3 27. Rf7 Rxf7 28. Bxf7 exf2+ 29. Rxf2 Qd8 30. Rb2 Rb8 31. Rb7 Be3+ 32. Kh1 Bb6 33. Rd7 Qh4 34. Qf1 Qf2 35. Qxf2 Bxf2 36. g3 Rc8 37. Rb7 g6 38. c7 Bb6 39. Rb8 Kg7 40. Rxc8 Kxf7 41. Rf8+ 1-0

[Event "GRE-ch U16"]
[Site "Kallithea"]
[Date "2009.06.28"]
[Round "5"]
[White "Mihopoulos, Konstantinos"]
[Black "Linos, Efstathios"]
[Result "0-1"]
[WhiteElo "1971"]
[BlackElo "1667"]
[PlyCount "96"]
[EventDate "2009.06.25"]
[EventType "swiss"]
[EventRounds "9"]
[EventCountry "GRE"]
[SourceTitle "EXT 2011"]
[Source "ChessBase"]
[SourceDate "2010.11.26"]
[SourceVersion "1"]
[SourceVersionDate "2010.11.26"]
[SourceQuality "1"]

1. e4 e5 2. Nf3 Nc6 3. Bb5 a6 4. Ba4 Nf6 5. 0-0 b5 6. Bb3 Be7 7. Re1 0-0 8. d3 d6 9. c3 Bb7 10. Nbd2 Nb8 11. Nf1 Nbd7 12. Ng3 Nc5 13. Bc2 Nfd7 14. d4 Ne6 15. d5 Nf4 16. Bxf4 exf4 17. Ne2 g5 18. Nfd4 Ne5 19. Nf5 Bc8 20. Ned4 Bxf5 21. Nxf5 Kh8 22. Qh5 Rg8 23. Qe2 g4 24. Qf1 h5 25. a4 Rb8 26. axb5 axb5 27. b4 h4 28. Kh1 Bf6 29. Ra2 Nc4 30. Nd4 Bxd4 31. cxd4 Qf6 32. Qd3 Qh6 33. e5 dxe5 34. dxe5 g3 35. e6 f6 36. fxg3 hxg3 37. h3 Ne5 38. Qf1 f3 39. Bf5 Qf4 40. Be4 f2 41. Ree2 Ng4 42. Bf3 Ne3 43. Rxe3 Qxe3 44. Re2 Qc3 45. Re4 f5 46. Rh4+ Kg7 47. Bd1 Rbd8 48. Qe2 Qe1+ 0-1